Т. 3 : Контрольно-измерительные приспособления и приводы; Атлас чертежей общих видов для деталирования

Λεπτομέρειες βιβλιογραφικής εγγραφής
Parent link:Атлас чертежей общих видов для деталирования: учебное пособие для втузов/ Ю. Б. Иванов; под ред. А. А. Чекмарева. Т. 3 : Контрольно-измерительные приспособления и приводы.— 4-е изд., перераб..— , 2007.— 978-5-06-005462-0
Περίληψη:В каждой части 25 заданий, В задания включены чертежи общих видов, схемы и описания конструкций различных механизмов и машин и вопросы для чтения чертежа. К каждому заданию прилагаются краткие методические указания по выполнению чертежей, простановке размеров в связи с технологией изготовления. Для студентов технических вузов, изучающих машиностроительное черчение, инженерную графику. Может быть полезен для студентов техникумов.
Γλώσσα:Ρωσικά
Έκδοση: 2007
Θέματα:
Μορφή: Βιβλίο
KOHA link:https://koha.lib.tpu.ru/cgi-bin/koha/opac-detail.pl?biblionumber=99776

MARC

LEADER 00000nam2a2200000 4500
001 99776
005 20231101214255.0
010 |a 9785060048049 
035 |a (RuTPU)RU\TPU\book\107159 
090 |a 99776 
100 |a 20060713d2007 m y0rusy50 ca 
101 0 |a rus 
102 |a RU 
105 |a a j 000zy 
200 0 |a Т. 3 : Контрольно-измерительные приспособления и приводы 
210 |d 2007 
215 |a 52 с.  |c ил., черт. 
330 |a В каждой части 25 заданий, В задания включены чертежи общих видов, схемы и описания конструкций различных механизмов и машин и вопросы для чтения чертежа. К каждому заданию прилагаются краткие методические указания по выполнению чертежей, простановке размеров в связи с технологией изготовления. Для студентов технических вузов, изучающих машиностроительное черчение, инженерную графику. Может быть полезен для студентов техникумов. 
461 1 |0 (RuTPU)RU\TPU\book\132290  |y 978-5-06-005462-0  |t Атлас чертежей общих видов для деталирования  |o учебное пособие для втузов  |o в 4 ч.  |f Ю. Б. Иванов  |g под ред. А. А. Чекмарева  |v Т. 3 : Контрольно-измерительные приспособления и приводы  |e 4-е изд., перераб.  |d 2007 
606 1 |a Машиностроительное черчение  |2 stltpush  |3 (RuTPU)RU\TPU\subj\41536  |9 61326 
610 1 |a контрольно-измерительные приспособления 
610 1 |a чертежи 
610 1 |a деталирование 
610 1 |a контрольно-измерительные приспособления 
610 1 |a атласы 
610 1 |a учебные пособия 
675 |a 744:621(075.8)  |v 3 
675 |a 621.81(075.8)  |v 3 
801 1 |a RU  |b 63413507  |c 20060713  |g PSBO 
801 2 |a RU  |b 63413507  |c 20201201  |g PSBO 
900 |a Машиностроительное черчение 
900 |a Инженерная графика 
900 |a Инженерная и компьютерная графика 
900 |a Черчение 
942 |c BK 
952 |a 550000 
959 |a 68/20060712  |d 1  |e 0  |f ЧЗТЛ:1 
959 |a 45/20070521  |d 2  |e 0  |f ЧЗТЛ:1